<?xml version="1.0" encoding="UTF-8"?>
<record
    xmlns:xsi="http://www.w3.org/2001/XMLSchema-instance"
    xsi:schemaLocation="http://www.loc.gov/MARC21/slim http://www.loc.gov/standards/marcxml/schema/MARC21slim.xsd"
    xmlns="http://www.loc.gov/MARC21/slim">

  <leader>00469nam a2200181   4500</leader>
  <controlfield tag="005">20161123161738.0</controlfield>
  <controlfield tag="007">000</controlfield>
  <controlfield tag="008">000</controlfield>
  <datafield tag="020" ind1=" " ind2=" ">
    <subfield code="a">9788131809051</subfield>
  </datafield>
  <datafield tag="040" ind1=" " ind2=" ">
    <subfield code="a">UOEL</subfield>
  </datafield>
  <datafield tag="050" ind1=" " ind2=" ">
    <subfield code="a">TA350</subfield>
    <subfield code="b">.R35 2012.</subfield>
  </datafield>
  <datafield tag="100" ind1=" " ind2=" ">
    <subfield code="a">Rajput R.K.</subfield>
  </datafield>
  <datafield tag="245" ind1=" " ind2=" ">
    <subfield code="a">A Textbook of Applied Mechanics :including laboratory practicals/</subfield>
    <subfield code="c">by R.K Rajput</subfield>
  </datafield>
  <datafield tag="250" ind1=" " ind2=" ">
    <subfield code="a">3rd. ed</subfield>
  </datafield>
  <datafield tag="260" ind1=" " ind2=" ">
    <subfield code="a">Bengaluru,</subfield>
    <subfield code="b">University science press.</subfield>
    <subfield code="c">c2012.</subfield>
  </datafield>
  <datafield tag="300" ind1=" " ind2=" ">
    <subfield code="a">ix,390p :</subfield>
    <subfield code="b">ill.</subfield>
  </datafield>
  <datafield tag="942" ind1=" " ind2=" ">
    <subfield code="2">lcc</subfield>
    <subfield code="c">SL2</subfield>
  </datafield>
  <datafield tag="999" ind1=" " ind2=" ">
    <subfield code="c">12637</subfield>
    <subfield code="d">12637</subfield>
  </datafield>
  <datafield tag="952" ind1=" " ind2=" ">
    <subfield code="0">0</subfield>
    <subfield code="1">0</subfield>
    <subfield code="2">lcc</subfield>
    <subfield code="4">0</subfield>
    <subfield code="7">0</subfield>
    <subfield code="a">UOE</subfield>
    <subfield code="b">UOE</subfield>
    <subfield code="c">SHO</subfield>
    <subfield code="d">2016-11-23</subfield>
    <subfield code="l">1</subfield>
    <subfield code="o">TA350 .R35 2012.</subfield>
    <subfield code="p">20152466</subfield>
    <subfield code="r">2026-04-27 09:35:05</subfield>
    <subfield code="s">2019-04-08</subfield>
    <subfield code="w">2016-11-23</subfield>
    <subfield code="y">SL2</subfield>
  </datafield>
  <datafield tag="952" ind1=" " ind2=" ">
    <subfield code="0">0</subfield>
    <subfield code="1">0</subfield>
    <subfield code="2">lcc</subfield>
    <subfield code="4">0</subfield>
    <subfield code="7">0</subfield>
    <subfield code="a">UOE</subfield>
    <subfield code="b">UOE</subfield>
    <subfield code="c">SHO</subfield>
    <subfield code="d">2017-02-08</subfield>
    <subfield code="l">1</subfield>
    <subfield code="o">TA350 .R35 2012.</subfield>
    <subfield code="p">20152749</subfield>
    <subfield code="r">2026-04-27 09:35:06</subfield>
    <subfield code="s">2019-02-23</subfield>
    <subfield code="t">20152749</subfield>
    <subfield code="w">2017-02-08</subfield>
    <subfield code="y">SL2</subfield>
  </datafield>
  <datafield tag="952" ind1=" " ind2=" ">
    <subfield code="0">0</subfield>
    <subfield code="1">0</subfield>
    <subfield code="2">lcc</subfield>
    <subfield code="4">0</subfield>
    <subfield code="7">0</subfield>
    <subfield code="a">UOE</subfield>
    <subfield code="b">UOE</subfield>
    <subfield code="c">SHO</subfield>
    <subfield code="d">2017-02-08</subfield>
    <subfield code="l">1</subfield>
    <subfield code="o">TA350 .R35 2012.</subfield>
    <subfield code="p">20152750</subfield>
    <subfield code="r">2026-04-27 09:35:06</subfield>
    <subfield code="s">2019-03-13</subfield>
    <subfield code="t">20152750</subfield>
    <subfield code="w">2017-02-08</subfield>
    <subfield code="y">SL2</subfield>
  </datafield>
  <datafield tag="952" ind1=" " ind2=" ">
    <subfield code="0">0</subfield>
    <subfield code="1">0</subfield>
    <subfield code="2">lcc</subfield>
    <subfield code="4">0</subfield>
    <subfield code="7">0</subfield>
    <subfield code="a">UOE</subfield>
    <subfield code="b">UOE</subfield>
    <subfield code="c">SHO</subfield>
    <subfield code="d">2017-02-08</subfield>
    <subfield code="l">1</subfield>
    <subfield code="o">TA350 .R35 2012.</subfield>
    <subfield code="p">20152751</subfield>
    <subfield code="r">2026-04-27 09:35:06</subfield>
    <subfield code="s">2019-04-06</subfield>
    <subfield code="t">20152751</subfield>
    <subfield code="w">2017-02-08</subfield>
    <subfield code="y">SL2</subfield>
  </datafield>
  <datafield tag="952" ind1=" " ind2=" ">
    <subfield code="0">0</subfield>
    <subfield code="1">0</subfield>
    <subfield code="2">lcc</subfield>
    <subfield code="4">0</subfield>
    <subfield code="7">0</subfield>
    <subfield code="a">UOE</subfield>
    <subfield code="b">UOE</subfield>
    <subfield code="c">SHO</subfield>
    <subfield code="d">2017-02-08</subfield>
    <subfield code="l">4</subfield>
    <subfield code="o">TA350 .R35 2012.</subfield>
    <subfield code="p">20152752</subfield>
    <subfield code="r">2026-04-27 09:35:06</subfield>
    <subfield code="s">2019-04-09</subfield>
    <subfield code="t">20152752</subfield>
    <subfield code="w">2017-02-08</subfield>
    <subfield code="y">SL2</subfield>
  </datafield>
</record>
